Improving access and quality of public services in Latin America : (Record no. 113280)

MARC details
000 -LEADER
campo de control de longitud fija 02742cam a22003375a 4500
003 - IDENTIFICADOR DE NÚMERO DE CONTROL
campo de control BJBSDDR
005 - FECHA Y HORA DE LA ÚLTIMA TRANSACCIÓN
campo de control 20230411090143.0
007 - CAMPO FIJO DE DESCRIPCIÓN FÍSICA--INFORMACIÓN GENERAL
campo de control de longitud fija ta
008 - DATOS DE LONGITUD FIJA--INFORMACIÓN GENERAL
campo de control de longitud fija 190925s2017 nyu 000 0 eng
020 ## - NÚMERO INTERNACIONAL ESTÁNDAR DEL LIBRO
Número Internacional Estándar del Libro 9781137593436
020 ## - NÚMERO INTERNACIONAL ESTÁNDAR DEL LIBRO
Número Internacional Estándar del Libro 1137593431
040 ## - FUENTE DE CATALOGACIÓN
Centro catalogador/agencia de origen DLC
Centro/agencia transcriptor DLC
Lengua de catalogación spa
041 ## - CÓDIGO DE IDIOMA
Código de lengua del texto/banda sonora o título independiente eng
042 ## - CÓDIGO DE AUTENTICACIÓN
Código de autenticación pcc
050 14 - SIGNATURA TOPOGRÁFICA DE LA BIBLIOTECA DEL CONGRESO
Número de clasificación HD 4610.5
Número de ítem I34 2017
245 00 - MENCIÓN DEL TÍTULO
Título Improving access and quality of public services in Latin America :
Resto del título to govern and to serve /
Mención de responsabilidad, etc. Guillermo Perry: Ramona Angelescu Naqvi, Editors
260 ## - PUBLICACIÓN, DISTRIBUCIÓN, ETC.
Lugar de publicación, distribución, etc. New York :
Nombre del editor, distribuidor, etc. Palgrave Macmillan,
Fecha de publicación, distribución, etc. 2017.
300 ## - DESCRIPCIÓN FÍSICA
Extensión xiv, 182 p. :
Otras características físicas ill. ;
Dimensiones 22 cm.
440 ## - MENCIÓN DE SERIE/PUNTO DE ACCESO ADICIONAL--TÍTULO
Título Latin American political economy
505 ## - NOTA DE CONTENIDO CON FORMATO
Nota de contenido con formato Chapter 1: Building a Culture of Accountability in Service Delivery: Conclusions from the GDN Project on Varieties of Governance and Service Delivery --<br/>Chapter 2: Markets and Hierarchies in Public Services: Incentives, Institutions, and Politics --<br/>Chapter 3: Decentralization, Fiscal Effort, and Social Progress in Colombia at the Municipal Level, 1994-2009: Why Does National Politics Matter? --<br/>Chapter 4. Does participatory budgeting have an effect on the quality of public services? The case of Peru's water and sanitation sector --<br/>Chapter 5. Understanding the effects of educational governance in Chile and Uruguay.
520 ## - RESUMEN, ETC.
Sumario, etc. This book presents insights from several countries in Latin America and beyond on how to organize critical sectors, such as education, roads and water, to improve quality, access and affordability. The innovative, multi-disciplinary studies in this volume discuss the outcomes of decentralization, school autonomy, participatory budgeting at the local level and other accountability mechanisms. Rich quantitative analyses are complemented and enhanced by insights from interviews and quotes from those on the front lines: politicians, bureaucrats and service providers; as well as a variety of case-studies focusing on wider political economy questions, on the intricacies of political competition and governance reform, and on public spending efficiency in countries as varied as Colombia, Peru, Chile and Uruguay. As the authors demonstrate, Latin America has much to share with the rest of the world in terms of governance and public service delivery experiments and learnings.
650 #4 - PUNTO DE ACCESO ADICIONAL DE MATERIA--TÉRMINO DE MATERIA
9 (RLIN) 5709
Término de materia o nombre geográfico como elemento de entrada Servicios municipales
Subdivisión geográfica América Latina
650 #4 - PUNTO DE ACCESO ADICIONAL DE MATERIA--TÉRMINO DE MATERIA
9 (RLIN) 8317
Término de materia o nombre geográfico como elemento de entrada Servicios públicos municipales
Subdivisión geográfica América Latina
650 #0 - PUNTO DE ACCESO ADICIONAL DE MATERIA--TÉRMINO DE MATERIA
Término de materia o nombre geográfico como elemento de entrada Administración pública
Subdivisión general Aspectos éticos y morales
Subdivisión geográfica América Latina
9 (RLIN) 8081
700 1# - ENTRADA AGREGADA--NOMBRE PERSONAL
9 (RLIN) 8316
Nombre de persona Perry Rubio, Guillermo,
Fechas asociadas al nombre 1945-
906 ## - ELEMENTOS DE DATOS F LOCAL, LDF (RLIN)
a 0
b ibc
c origres
d 2
e ncip
f 20
g y-gencatlg
942 ## - ELEMENTOS DE ENTRADA SECUNDARIOS (KOHA)
Fuente del sistema de clasificación o colocación Clasificación de Library of Congress
Tipo de ítem Koha Libro
946 ## - PROCESAMIENTO DE INFORMACIÓN LOCAL (OCLC)
Iniciales del agente catalogador LMF
Holdings
Estatus retirado Estado de pérdida Estado de daño No para préstamo Colección Biblioteca de origen Biblioteca actual Ubicación en estantería Fecha de adquisición Signatura topográfica completa Código de barras Visto por última vez Copia número Tipo de ítem Koha
        Ciencias Sociales Biblioteca Juan Bosch Biblioteca Juan Bosch Ciencias Sociales (3er. Piso) 26/09/2019 HD 4610.5 I34 2017 00000124456 26/09/2019 1 Libro